| 000 | 00477cam a2200193ua 4500 | ||
|---|---|---|---|
| 001 | 7826 | ||
| 008 | 141224n ii |||gr||||Z||||||ben | ||
| 040 | _cMAIN | ||
| 041 | _aben | ||
| 082 | _a782.42 | ||
| 100 |
_aDey, B., _eEditor. |
||
| 245 | 1 |
_aSurnirbachit Nazrul gitir swarlipi : _bVol III / _cEdited by Biswanath Dey . |
|
| 250 | _a1st. | ||
| 260 |
_aKolkatta: _bSahityam, _c1984. |
||
| 300 | _a208p. | ||
| 653 | _aVocal music | ||
| 653 | _aBengali songs | ||
| 942 | _cBK | ||
| 999 |
_c6946 _d6946 |
||